| 000 | 01086nam a22002657a 4500 | ||
|---|---|---|---|
| 005 | 20170124102950.0 | ||
| 010 | _aB-039970 | ||
| 020 |
_c125.00 _a8171194346 |
||
| 035 | _aB-039970 | ||
| 037 | _bCen Lib/Ret | ||
| 040 |
_aDPL _bHN |
||
| 082 |
_a822 _bशेक्सपी |
||
| 100 |
_aशेक्सपीयर, विलियम _951449 |
||
| 245 |
_aतूफ़ान / _cविलियम शेक्सपीयर; अनुवादक उपेन्द्र |
||
| 246 |
_aToofan / _bby Willium Shekshpier; anuvadak Upendra |
||
| 260 |
_aदिल्ली _bराधाकृष्ण _c2000 |
||
| 270 |
_bदिल्ली _aजी-17, जगतपुरी _e110051 |
||
| 300 |
_a102पृ. _c22सेमी(सजिल्द) |
||
| 650 |
_aहिंदी साहित्य _951450 |
||
| 650 |
_aहिंदी साहित्य -- नाटक _951451 |
||
| 650 |
_aHindi literature _951452 |
||
| 650 |
_aHindi literature -- Drama _951453 |
||
| 700 |
_aUpendra _951454 |
||
| 942 |
_2ddc _cHN _h822 _mशेक्सपी |
||
| 999 |
_c113277 _d113277 |
||